Detalles MARC
| 000 -LIDER |
| fixed length control field |
01908nam a2200301 a 4500 |
| 001 - NÚMERO DE CONTROL |
| Identificador de número de control |
000017126 |
| 003 - IDENTIFICACDOR DE NÚMERO DE CONTROL |
| control field |
DO-SdBNP |
| 005 - DATE AND TIME OF LATEST TRANSACTION |
| control field |
20171003133035.0 |
| 007 - CAMPOS FIJOS DE DESCRIPCIÓN FÍSICA |
| fixed length control field |
000017126 |
| 008 - ELEMENTOS DE LONGITUD FIJA |
| fixed length control field |
100318s2000 dr a 000 0 spa d |
| 020 ## - ISBN |
| Canceled/invalid ISBN |
999340874 |
| 040 ## - FUENTE DE CATALOGACIÓN |
| Agencia que crea de manera original el registro |
BPMSU |
| Idioma de catalogación |
spa |
| Agencia que realiza la transcripción |
BPMSU |
| 082 #4 - NÚMERO DE CLASIFICACIÓN DECIMAL DE DEWEY |
| Classification number |
RD864.44 |
| Item number |
R457p |
| 100 1# - ASIENTO PRINCIPAL -- NOMBRE PERSONAL |
| Nombre personal |
Reyes-Vsquez, Radhams, |
| Fechas asociadas con el nombre |
1952- |
| 245 10 - MENCIÓN DE TITULO |
| Título |
Parece que fue ayer : |
| Subtítulo |
(los abismos de la memoria) / |
| Mención de responsabilidad |
Radhams Reyes-Vsquez. |
| 260 ## - PUBLICACIÓN, DISTRIBUCIÓN, ETC. (PIE DE IMPRENTA) |
| Lugar de publicación, distribución, etc |
Santo Domingo : |
| Nombre del editor, distribuidor, etc. |
Cocolo, |
| Fecha de publicación, distribución, etc |
2000. |
| 300 ## - DESCRIPCIÓN FÍSICA |
| Extensión |
177 p. : |
| Otros detalles físicos |
il. ; |
| Dimensiones |
22 cm. |
| 500 ## - NOTA GENERAL |
| Nota general |
Incluye notas al pie de las páginas |
| 500 ## - NOTA GENERAL |
| Nota general |
Incluye datos biográficos del autor en las solapas |
| 505 0# - NOTA DE CONTENIDO |
| Título |
Los nombre de la memoria, la memoria fugaz, aunque eterna -- |
| -- |
Mi generación mis contemporaneos -- |
| -- |
Ahora que aún perfuma el recuerdo -- |
| -- |
El destino no siempre fértil de Luis Alfredo Torres -- |
| -- |
Miguel Alfonseca, más allá de la memoria -- |
| -- |
Franklin Mieses Burgos sin mundo ya y herido por el cielo -- |
| -- |
Las noches bohemias y las tardes apacibles de Antonio Fernández Spencer -- |
| -- |
La memoria viva de monseñor Oscar Robles Toledo o los dedos en la llaga -- |
| -- |
Manuel, la muerte no es un adiós -- |
| -- |
Bohemia y pasió de Antonio Zanglul -- |
| -- |
Memorias de Moreno Domingo Jimenes -- |
| -- |
Pedro Mir entre nosotros -- |
| -- |
Una visita de Manuel del Cabral -- |
| -- |
Entre el poema y la sombra, un encuentro con el Dr. Balaguer -- |
| -- |
Juan Bosch, el ejemplo -- |
| -- |
Fausto Rey, Ramoncito Sepúlvedza, El niche, Momi, el otro, el mismo, la bachata primera -- |
| -- |
El río sin rumor : la autopía del signo -- |
| -- |
Las voces de Lupo Hernández Rueda. |
| 650 #4 - ENCABEZAMIENTO DE MATERIA--TEMÁTICO |
| Término temático o nombre geográfico como elemento de entrada |
ENSAYOS DOMINICANOS |
| 650 #4 - ENCABEZAMIENTO DE MATERIA--TEMÁTICO |
| Término temático o nombre geográfico como elemento de entrada |
LITERATURA DOMINICANA |
| Subdivisión temática general |
CRÍTICA E INTERPRETACIÓN |
| 650 #4 - ENCABEZAMIENTO DE MATERIA--TEMÁTICO |
| Término temático o nombre geográfico como elemento de entrada |
ESCRITORES DOMINICANOS |
| Subdivisión temática general |
CRÍTICA E INTERPRETACIÓN |
| 910 ## - VALIDACIÓN |
| Validación |
Validado. Control de calidad MFF |
| 942 ## - ADDED ENTRY ELEMENTS (KOHA) |
| Source of classification or shelving scheme |
Dewey Decimal Classification |
| Koha item type |
Mapas |
| 945 ## - INFORMACIÓN DE PROCESAMIENTO LOCAL |
| Información de procesamiento local |
Inventariado / 2017 VM |
| 956 ## - LOCAL ELECTRONIC LOCATION AND ACCESS (OCLC) |
| Nombre de host |
VMATEO |
| Número de acceso |
10 |
| Información de compresión |
20150415 |
| Inicio de sesión |
BNPHU |
| Procesador de solicitud |
00151 |